Welcome to the Game (WTTG) Characters Quiz - Statistics

General Stats
  • This quiz has been taken 6 times
  • The average score is 8 of 17
Answer Stats
Hint Answer % Correct
Don't ignore his phone calls The Breather
100%
Tutorial character; overarching antagonist Adam
67%
A Polish hitman Lucas Kumiega
67%
Syringe-wielding stalker Tanner Grayton
67%
Activated only after accessing his website The Dollmaker
67%
Comes through your windows The Kidnapper
67%
Masked cult members The Noir (Myra and Patrick)
67%
Woman kidnapped by the Prey Amelea Lewis
33%
WTTG2 protagonist Clint Edwards
33%
Scrutinized protagonist Luna Youngman
33%
WTTG1 protagonist Lydia (The Nympho)
33%
Doesn't like to be watched Mr. Delfalco
33%
Dead Signal protagonist Ronald Evans
33%
A serial killer who targets police officers The Blueblood Killer
33%
Runs the red room The Executioner
33%
Hack your neighbor's Wi-Fi to avoid them The Police
33%
Your employer in Dead Signal The Shade
33%
No matching quizzes found
Score Distribution
Percent of People with Each Score
Percentile by Number Answered
Your Score History
You have not taken this quiz